| 000 | 00706nam a22002417a 4500 | ||
|---|---|---|---|
| 999 |
_c33125 _d33125 |
||
| 001 | 2083 | ||
| 003 | CO-MdFUSB | ||
| 005 | 20170809092613.0 | ||
| 008 | 170809t1970 xxu||||| |||| 00| 0 eng d | ||
| 040 |
_aCO-MdFUSB _bspa _cCO-MdFUSB _dCO-MdFUSBC _erda |
||
| 041 | 0 | _aeng | |
| 082 | 0 | 4 | _aG 221.95 H3181o |
| 100 | 1 |
_aHarrison, R. K. (Roland Kenneth) _eautor |
|
| 245 | 1 | 0 |
_aOld Testament times _c / R.K. Harrison |
| 264 | 4 |
_aGrand Rapids, MI., USA : _bEerdmans, _c©1970 |
|
| 300 | _aXVI, 357 Pag | ||
| 336 |
_2rdacontent _a1 _ba1 |
||
| 337 |
_2rdamedia _a2 _b5 |
||
| 338 |
_2rdacarrier _a2 _b5 |
||
| 653 | _aBiblia A.T. - Historia sagrada | ||
| 653 | _aCercano oriente - Historia - Hasta 622 | ||
| 942 | _cBK | ||